Valogatott feladatok es tetelek az elemi matematika korebol

Αποθηκεύτηκε σε:
Λεπτομέρειες βιβλιογραφικής εγγραφής
Κύριος συγγραφέας: Skljarszkij, D. O.
Μορφή: Βιβλίο
Γλώσσα:Hungarian
Δημοσίευση: Budapest : Tankonyvkiado, 1967-1972.
Θέματα:
Ετικέτες: Προσθήκη ετικέτας
Δεν υπάρχουν, Καταχωρήστε ετικέτα πρώτοι!

MARC

LEADER 00000cam a2200000 a 4500
001 1/108849
008 150923m19671972hu | ||| |||| ||hun||
040 |a GR-MyUa  |b gre  |c GR-MyUa  |e AACR2 
041 0 |a hun 
082 7 |a 510   |2 (23) 
100 1 |a Skljarszkij, D. O. 
245 1 0 |a Valogatott feladatok es tetelek az elemi matematika korebol /   |c D. O. Skjarszkij, N. N. Csencov, I. M. Jaglom. 
260 |a Budapest :   |b Tankonyvkiado,   |c 1967-1972.  
300 |a 2τ. (399, 261 σ.) :   |b σχέδια ;   |c 25 εκ.  
505 8 |a τ.1. Resz Arithmetika es algebra.  
505 8 |a τ.2. Resz (1. Kotet) Geometria I. (Planimetria). 
650 0 |a Mathematics. 
650 0 |a Arithmetic. 
650 0 |a Geometry. 
852 |a INST  |b SAMOS  |c MAG  |e 20150923  |h 510 SKJ  |p 005300035049  |q 005300035049  |t BK  |v τομ.2:  |y 0 
852 |a INST  |b SAMOS  |c MAG  |e 20150923  |h 510 SKJ  |p 005300035530  |q 005300035530  |t BK  |v τομ.1:  |y 0 
853 |a INST  |b SAMOS  |c MAG  |h 510 SKJ 
970 |a Σιτζίμη  |b Γιασεμή  |z 23/09/2015